El aprendiz de zapatero : (Record no. 194884)

MARC details
000 -LEADER
campo de control de longitud fija 01412nam a2200361 i 4500
001 - NÚMERO DE CONTROL
campo de control 194884
003 - IDENTIFICADOR DE NÚMERO DE CONTROL
campo de control SpMaBN
005 - FECHA Y HORA DE LA ÚLTIMA TRANSACCIÓN
campo de control 20250716034716.0
007 - CAMPO FIJO DE DESCRIPCIÓN FÍSICA--INFORMACIÓN GENERAL
campo de control de longitud fija ta
008 - DATOS DE LONGITUD FIJA--INFORMACIÓN GENERAL
campo de control de longitud fija 240521s1935 sp | |||| 000 j spa
035 ## - NÚMERO DE CONTROL DEL SISTEMA
Número de control de sistema (OCoLC)796306734
035 ## - NÚMERO DE CONTROL DEL SISTEMA
Número de control de sistema a4730888
040 ## - FUENTE DE CATALOGACIÓN
Centro catalogador/agencia de origen SpMaBN
Lengua de catalogación spa
Centro/agencia transcriptor SpMaBN
Normas de descripción rdc
Centro/agencia modificador ES-MaACL
080 ## - NÚMERO DE LA CLASIFICACIÓN DECIMAL UNIVERSAL
Número de la Clasificación Decimal Universal 821.161.1-32"18"
100 1# - ENTRADA PRINCIPAL--NOMBRE DE PERSONA
Nombre de persona Tolstói, Lev,
Fechas asociadas al nombre 1828-1910
Número de control del registro de autoridad o número normalizado XX952520
9 (RLIN) 110489
245 13 - MENCIÓN DEL TÍTULO
Título El aprendiz de zapatero :
Resto del título (novela fantástica) /
Mención de responsabilidad, etc. por León Tolstoi.
260 ## - PUBLICACIÓN, DISTRIBUCIÓN, ETC.
Lugar de publicación, distribución, etc. Madrid :
Nombre del editor, distribuidor, etc. Revista Literaria "Novelas y cuentos",
Fecha de publicación, distribución, etc. 1935.
300 ## - DESCRIPCIÓN FÍSICA
Extensión 23 p. ;
Dimensiones 32 cm
336 ## - TIPO DE CONTENIDO
Fuente rdacontent
Término de tipo de contenido texto
337 ## - TIPO DE MEDIO
Fuente rdamedia
Nombre/término del tipo de medio sin mediación
338 ## - TIPO DE SOPORTE
Fuente rdacarrier
Nombre/término del tipo de soporte volumen
490 1# - MENCIÓN DE SERIE
Mención de serie Revista literaria "Novelas y cuentos" ;
Designación de volumen o secuencia año 7, n. 363
500 ## - NOTA GENERAL
Nota general Incluye "La muerte de Ivan Ilitch" y "La vida en el campo"
655 #0 - TERMINO DE INDIZACIÓN--GENERO/FORMA
9 (RLIN) 236495
Datos o término principal de género/forma Novelas fantásticas
773 ## - ASIENTO DE ITEM FUENTE
Número bibliográfico anfitrión 194867
Número de ítem anfitrión 202503
Parte(s) relacionada(s) G-15982
Encabezamiento principal Obras encuadernadas juntas
830 #0 - PUNTO DE ACCESO ADICIONAL DE SERIE-TÍTULO UNIFORME
Título uniforme Revista literaria "Novelas y cuentos"
Designación de volumen o secuencia año 7, n. 363
9 (RLIN) 236217
852 ## - LOCALIZACIÓN
Ubicación ES-MaACL
Ubicación en estantería Depósito 2
Número de control de estantería G-15982(8)
Donativo/Legado Legado: Juan Antonio Porto
Encuadernación Encuadernado con otras obras formando un volumen facticio.
itemnumber 202503
903 ## - NOMBRE PERSONAL DE DONANTE
9 93285
a Porto, Juan Antonio,
q 1
d 1937-2021
e Donante
942 ## - ELEMENTOS DE ENTRADA SECUNDARIOS (KOHA)
Suprimir en OPAC No
Tipo de ítem Koha Folleto

No items available.